| 000 | 00476cam a22001331 4500 | ||
|---|---|---|---|
| 082 |
_a973 _bBRO _cL-27, P-7 |
||
| 100 | 1 |
_aBrooks, Emerson M. _946596 |
|
| 245 | 1 | 4 |
_aThe growth of a nation; _ba pictorial review of the United States of America from colonial days to the present. _cIntrod. by Henry Bamford Parkes. |
| 250 | _a[1st ed.] | ||
| 260 |
_aNew York, _bDutton, _c1956. |
||
| 300 |
_a320 p. _billus. _c28 cm. |
||
| 526 |
_a0 _b0 _c0 _d973_000000000000000_BRO |
||
| 942 |
_2ddc _cBK |
||
| 999 |
_c549896 _d549896 |
||